EA FC25 All Gold Eredivisie Players - Statistics

General Stats
  • This quiz has been taken 64 times
  • The average score is 23 of 41
Answer Stats
Rate Club Nation Answer % Correct
81 Feyenoord Slovakia David Hancko
96%
81 PSV Netherlands Joey Veerman
89%
81 PSV Netherlands Luuk de Jong
89%
79 Feyenoord Mexico Santiago Gimenez
89%
80 Ajax England Jordan Henderson
85%
80 PSV Argentina Walter Benitez
85%
81 PSV Netherlands Jerdy Schouten
83%
80 Twente Germany Lars Unnerstall
79%
79 PSV Belgium Johan Bakayoko
77%
75 PSV Netherlands Guus Til
74%
77 PSV USA Malik Tillman
70%
79 Ajax Netherlands Brian Brobbey
68%
78 Feyenoord Austria Gernot Trauner
64%
79 PSV USA Sergino Dest
64%
78 PSV France Olivier Boscagli
60%
76 PSV Morocco Ismael Saibari
58%
77 Ajax Croatia Josip Sutalo
58%
76 Ajax Burkina Faso Bertrand Traore
57%
79 AZ Netherlands Jordy Clasie
57%
76 PSV Brazil Mauro Junior
57%
79 Ajax Netherlands Steven Berghuis
57%
77 Feyenoord Brazil Igor Paixao
55%
79 Feyenoord Netherlands Quinten Timber
55%
76 Ajax England Chuba Akpom
53%
76 Ajax Italy Daniele Rugani
51%
77 Feyenoord Netherlands Justin Bijlow
49%
76 Twente Czech Rep Michal Sadilek
47%
75 Twente Netherlands Sem Steijn
47%
76 Sparta Netherlands Nick Olij
45%
76 Feyenoord Germany Timon Wellenreuther
45%
77 Ajax Netherlands Wout Weghorst
45%
76 Feyenoord Croatia Luka Ivanusec
42%
75 Feyenoord Algeria Ramiz Zerrouki
42%
77 Feyenoord Netherlands Quilindschy Hartman
36%
76 Ajax Netherlands Davy Klaassen
34%
75 Feyenoord Switzerland Jordan Lotomba
30%
76 NEC Netherlands Philippe Sandler
26%
78 PSV Netherlands Rick Karsdorp
25%
77 Feyenoord Netherlands Calvin Stengs
21%
75 Feyenoord Netherlands Bart Nieuwkoop
19%
76 Ajax Netherlands Branco van den Boomen
17%
No matching quizzes found
Score Distribution
Percent of People with Each Score
Percentile by Number Answered
Your Score History
You have not taken this quiz